000 00353nam a22001457a 4500
008 230228b |||||||| |||| 00| 0 eng d
020 _a978-1-849-41428-9
082 _a813.54
100 _aGayle Forman
245 _aWhere she went
260 _bDefinitions,
_c2012
300 _a260 p.
_c20cm
942 _2ddc
999 _c9377
_d9378